Loading...
Plato: the man and his work
| Main Author: | |
|---|---|
| Format: | Printed Book |
| Published: |
London, Methuen
1977
|
| Subjects: |
| LEADER | 004440000a22001570004500 | ||
|---|---|---|---|
| 020 | |a 0-415-67590-5 | ||
| 082 | |a 920 PLA L7 | ||
| 100 | |a Taylor, A E | ||
| 245 | |a Plato: the man and his work | ||
| 260 | |a London, Methuen | ||
| 260 | |c 1977 | ||
| 650 | |a Biography | ||
| 650 | |a Plato | ||
| 942 | |c BK | ||
| 999 | |c 130270 |d 130266 | ||
| 952 | |0 0 |1 0 |4 0 |6 920_000000000000000_PLA_L7 |7 0 |9 129209 |a SCP |b SCP |d 2014-02-11 |l 0 |o 920 PLA L7 |p SCP00790 |r 2014-02-11 |w 2014-02-11 |y BK | ||